[Event "Montreal Pere Noel op"]
[Site "Montreal"]
[Date "2004.??.??"]
[Round "3"]
[White "Mikanovic, Goran"]
[Black "Voskanyan, Vahagn"]
[Result "1-0"]
[WhiteElo "2342"]
[BlackElo "2295"]
[PlyCount "93"]
[EventDate "2004.12.??"]
[EventType "swiss"]
[EventRounds "5"]
[EventCountry "CAN"]
[SourceTitle "EXT 2006"]
[Source "ChessBase"]
[SourceDate "2005.11.24"]
[SourceVersion "1"]
[SourceVersionDate "2005.11.24"]
[SourceQuality "1"]

1. d4 Nf6 2. c4 g6 3. Nc3 d5 4. Nf3 Bg7 5. e3 0-0 6. Qb3 c6 7. Bd2 dxc4 8. Bxc4 b5 9. Bd3 Be6 10. Qc2 a5 11. 0-0 Na6 12. a3 Qb6 13. Ne4 a4 14. Rfc1 Nxe4 15. Bxe4 Bc4 16. Bb4 Ra7 17. Nd2 Nxb4 18. axb4 e5 19. dxe5 Bxe5 20. Nxc4 bxc4 21. Rxa4 Rb8 22. Rxa7 Qxa7 23. Qxc4 Bxb2 24. Rb1 Qa3 25. Qxc6 Qxb4 26. g3 Qf8 27. Bd5 Be5 28. Rc1 Kg7 29. Kg2 Qd6 30. Qc4 Qe7 31. Rc2 Rd8 32. Ra2 Rd7 33. Ra6 Rc7 34. Qa2 Bf6 35. Ra8 Be5 36. Ra5 Bd6 37. Bf3 Rc5 38. Ra8 Rc7 39. Qa4 Rd7 40. Bc6 Rd8 41. Ra7 Qe6 42. Rb7 Qf6 43. Bd5 Be7 44. Qd1 Kf8 45. e4 g5 46. Qe2 Kg7 47. e5 1-0

[Event "Laval op 20th"]
[Site "Laval"]
[Date "2003.04.12"]
[Round "2"]
[White "Miron, Francois"]
[Black "Mikanovic, Goran"]
[Result "0-1"]
[WhiteElo "2078"]
[BlackElo "2277"]
[PlyCount "50"]
[EventDate "2003.04.11"]
[EventType "swiss"]
[EventRounds "5"]
[EventCountry "CAN"]
[SourceTitle "EXT 2006"]
[Source "ChessBase"]
[SourceDate "2005.11.24"]
[SourceVersion "1"]
[SourceVersionDate "2005.11.24"]
[SourceQuality "1"]

1. e4 c5 2. f4 g6 3. c3 Bg7 4. d3 b6 5. Be3 Bb7 6. Nd2 Nf6 7. Be2 d6 8. g4 Qc7 9. g5 Nfd7 10. h4 d5 11. Nh3 dxe4 12. dxe4 e5 13. Nc4 0-0 14. Bf3 exf4 15. Nxf4 Ne5 16. Nxe5 Bxe5 17. Nd5 Bxd5 18. exd5 Bg3+ 19. Bf2 Qd6 20. Kf1 Bxf2 21. Kxf2 Nd7 22. Qd2 Ne5 23. Rhe1 f6 24. Qe2 Nxf3 25. Kxf3 fxg5+ 0-1

[Event "Montreal CEM CC-ch"]
[Site "Montreal"]
[Date "2003.01.25"]
[Round "3"]
[White "Mikanovic, Goran"]
[Black "Lawson, Eric"]
[Result "1-0"]
[WhiteElo "2271"]
[BlackElo "2242"]
[PlyCount "107"]
[EventDate "2003.01.??"]
[EventType "swiss"]
[EventRounds "5"]
[EventCountry "CAN"]
[SourceTitle "EXT 2006"]
[Source "ChessBase"]
[SourceDate "2005.11.24"]
[SourceVersion "1"]
[SourceVersionDate "2005.11.24"]
[SourceQuality "1"]

1. d4 Nf6 2. c4 e6 3. Nc3 Bb4 4. Qc2 0-0 5. a3 Bxc3+ 6. Qxc3 b6 7. Bg5 Bb7 8. f3 h6 9. Bh4 d5 10. e3 Nbd7 11. cxd5 Nxd5 12. Bxd8 Nxc3 13. Bh4 Nd5 14. Bf2 c5 15. e4 Ne7 16. Bb5 Bc6 17. Bxc6 Nxc6 18. Ne2 Nxd4 19. Nxd4 cxd4 20. Bxd4 Rac8 21. 0-0 Nc5 22. Rad1 Nb3 23. Bc3 Rfd8 24. Kf2 b5 25. Ke3 a5 26. f4 f6 27. g4 Kf7 28. h4 a4 29. h5 Ke7 30. g5 Kf7 31. gxf6 gxf6 32. Rg1 Nc5 33. Rxd8 Rxd8 34. Rg6 Rd3+ 35. Ke2 Rxc3 36. bxc3 Nxe4 37. Kd3 Nc5+ 38. Ke3 Nb7 39. Rxh6 Nd6 40. Kd3 Nc4 41. Rg6 e5 42. Rg1 exf4 43. h6 f3 44. h7 f2 45. Rh1 f1Q+ 46. Rxf1 Kg7 47. Rxf6 Kxh7 48. Kd4 Nxa3 49. Kc5 Kg7 50. Rf2 Nb1 51. Kb4 a3 52. Kb3 Kg6 53. Rc2 Kf5 54. Ka2 1-0

[Event "Montreal op1"]
[Site "Montreal"]
[Date "2003.??.??"]
[Round "2"]
[White "Ramaswamy, Kishor"]
[Black "Mikanovic, Goran"]
[Result "0-1"]
[WhiteElo "2078"]
[BlackElo "2278"]
[PlyCount "67"]
[EventDate "2003.??.??"]
[EventType "swiss"]
[EventRounds "5"]
[EventCountry "CAN"]
[SourceTitle "EXT 2005"]
[Source "ChessBase"]
[SourceDate "2004.11.15"]
[SourceVersion "1"]
[SourceVersionDate "2004.11.15"]
[SourceQuality "1"]

1. d4 Nf6 2. Nf3 e6 3. Bg5 c5 4. e3 Be7 5. c3 cxd4 6. exd4 b6 7. Nbd2 Bb7 8. Bd3 d6 9. 0-0 Nbd7 10. Re1 0-0 11. a4 a6 12. Nc4 Qc7 13. Ne3 Rfe8 14. Qc2 Bf8 15. Nd2 g6 16. f3 Bg7 17. Ne4 e5 18. Nxf6+ Nxf6 19. dxe5 dxe5 20. Bxf6 Bxf6 21. Be4 Rad8 22. Bxb7 Qxb7 23. Qe4 Qc7 24. Kf1 Bg7 25. g4 Qe7 26. Rad1 Qh4 27. Kg2 Qg5 28. Kf2 Kh8 29. Qc4 f5 30. gxf5 gxf5 31. Qe2 e4 32. Rxd8 Qxd8 33. fxe4 Rxe4 34. Kg1 0-1